<?xml version="1.0" encoding="UTF-8"?>
<record
    xmlns:xsi="http://www.w3.org/2001/XMLSchema-instance"
    xsi:schemaLocation="http://www.loc.gov/MARC21/slim http://www.loc.gov/standards/marcxml/schema/MARC21slim.xsd"
    xmlns="http://www.loc.gov/MARC21/slim">

  <leader>00814nam a22002417a 4500</leader>
  <controlfield tag="003">MOSTI LIBRARY</controlfield>
  <controlfield tag="005">20260204161735.0</controlfield>
  <controlfield tag="008">260204b        |||||||| |||| 00| 0 eng d</controlfield>
  <datafield tag="040" ind1=" " ind2=" ">
    <subfield code="c">MOSTI LIBRARY</subfield>
  </datafield>
  <datafield tag="090" ind1="0" ind2="0">
    <subfield code="a">338.92609595 </subfield>
    <subfield code="b">KAM</subfield>
  </datafield>
  <datafield tag="245" ind1="1" ind2="0">
    <subfield code="a">KAMUS PELAN TINDAKAN DASAR SAINS,TEKNOLOGI DAN INOVASI NEGARA (DSTIN) 2021-2030 (VERSI 2.0)</subfield>
  </datafield>
  <datafield tag="264" ind1=" " ind2=" ">
    <subfield code="a">Putrajaya : </subfield>
    <subfield code="b">Kementerian Sains,Teknologi dan Inovasi.</subfield>
    <subfield code="c">2024?</subfield>
  </datafield>
  <datafield tag="300" ind1=" " ind2=" ">
    <subfield code="a">113pages  ; </subfield>
    <subfield code="b">21cm</subfield>
  </datafield>
  <datafield tag="336" ind1=" " ind2=" ">
    <subfield code="0">rdacontent</subfield>
  </datafield>
  <datafield tag="337" ind1=" " ind2=" ">
    <subfield code="2">rdacarrier</subfield>
  </datafield>
  <datafield tag="338" ind1=" " ind2=" ">
    <subfield code="0">rdacarrier</subfield>
  </datafield>
  <datafield tag="650" ind1="1" ind2="0">
    <subfield code="a"> Science and state </subfield>
    <subfield code="z">Malaysia</subfield>
  </datafield>
  <datafield tag="650" ind1="2" ind2="0">
    <subfield code="a">Science </subfield>
    <subfield code="x">Government policy </subfield>
    <subfield code="z">Malaysia </subfield>
  </datafield>
  <datafield tag="650" ind1="2" ind2="0">
    <subfield code="a">Technology </subfield>
    <subfield code="x">Government policy  </subfield>
    <subfield code="z">Malaysia </subfield>
  </datafield>
  <datafield tag="710" ind1=" " ind2=" ">
    <subfield code="a">Malaysia. </subfield>
    <subfield code="b">Kementerian Sains, Teknologi dan Inovasi</subfield>
  </datafield>
  <datafield tag="942" ind1=" " ind2=" ">
    <subfield code="2">ddc</subfield>
    <subfield code="c">MOSTI</subfield>
    <subfield code="n">0</subfield>
  </datafield>
  <datafield tag="949" ind1=" " ind2=" ">
    <subfield code="0">019179</subfield>
  </datafield>
  <datafield tag="952" ind1=" " ind2=" ">
    <subfield code="0">0</subfield>
    <subfield code="1">0</subfield>
    <subfield code="2">ddc</subfield>
    <subfield code="4">0</subfield>
    <subfield code="7">0</subfield>
    <subfield code="a">MOSTI</subfield>
    <subfield code="b">MOSTI</subfield>
    <subfield code="c">OS</subfield>
    <subfield code="d">2026-02-04</subfield>
    <subfield code="e">SUMBANGAN</subfield>
    <subfield code="l">0</subfield>
    <subfield code="o">338.92609595 KAM</subfield>
    <subfield code="p">019179</subfield>
    <subfield code="r">2026-02-04 16:18:30</subfield>
    <subfield code="w">2026-02-04</subfield>
    <subfield code="y">MOSTI</subfield>
  </datafield>
  <datafield tag="999" ind1=" " ind2=" ">
    <subfield code="c">30826</subfield>
    <subfield code="d">30826</subfield>
  </datafield>
</record>
